| 000 | 00858cad a22001935a 4500 | ||
|---|---|---|---|
| 001 | L158034 | ||
| 008 | 140130s2013 xxk f 000 0 eng d | ||
| 035 | _a(Sirsi) u158034 | ||
| 041 | 0 | _aeng | |
| 110 | 2 |
_aUnited Kingdom _bDepartment of Energy and Climate Change _95850 |
|
| 245 | 0 | 0 |
_aEnergy trends section _bRenewables |
| 260 |
_aLondon _bDECC _c2013 |
||
| 520 | _aKey results show that renewables share of electricity generation was 13.2% in the third quarter of 2013, an increase of 1.4% on a year earlier, Bioenergy generation was up by 26% in the same quarter compared to the third quarter of 2012. | ||
| 590 | _aKA | ||
| 651 | 4 | _aUnited Kingdom | |
| 690 |
_aEnergy _96237 |
||
| 856 | 4 | 0 |
_uhttps://www.gov.uk/government/uploads/system/uploads/attachment_data/file/266415/renewables.pdf _zView the statistics free of charge at www.gov.uk |
| 942 | _n0 | ||
| 999 |
_c115090 _d115090 |
||